Dios y Belial en un mismo altar : los ritos chinos y malabares en la extinción de la Compañía de Jesús /
Alfonso Alfaro expresa en otra obra a propósito del trabajo misional jesuita, que el hecho de que la Compañía de Jesús fuese una orden nueva supuso que carecía de una fórmula general para la evangelización; y que, sin embargo lo que en principio pudo parecer una carencia fue la gran virtud del traba...
I tiakina i:
| Kaituhi matua: | |
|---|---|
| Hōputu: | Pukapuka |
| Reo: | Pāniora |
| I whakaputaina: |
San Vicente del Raspeig, España :
Universidad de Alicante, Campus San Vicente,
2000, c2000
|
| Ngā marau: | |
| Ngā Tūtohu: |
Kāore He Tūtohu, Me noho koe te mea tuatahi ki te tūtohu i tēnei pūkete!
|
MARC
| LEADER | 00000nam^a2200000^a^4500 | ||
|---|---|---|---|
| 001 | 000175999 | ||
| 005 | 20250521000000.0 | ||
| 009 | 20260310101626.619 | ||
| 020 | |a 84-7908-549-5 | ||
| 037 | |a Acervo ITESO - Biblioteca | ||
| 041 | |a ESP | ||
| 082 | |a 255. 53009503 |b CLA | ||
| 100 | |a St. Clair Segurado, Eva María |e (autor) | ||
| 245 | 1 | 0 | |a Dios y Belial en un mismo altar : |b los ritos chinos y malabares en la extinción de la Compañía de Jesús / |c E.M. St. Clair Segurado. |
| 264 | 4 | |a San Vicente del Raspeig, España : |b Universidad de Alicante, Campus San Vicente, |c 2000, c2000 | |
| 300 | |a 294 p. | ||
| 336 | |a texto |b txt |2 rdacontenido | ||
| 337 | |a sin mediación |b n |2 rdamedio | ||
| 338 | |a volumen |b nc |2 rdasoporte | ||
| 520 | |a Alfonso Alfaro expresa en otra obra a propósito del trabajo misional jesuita, que el hecho de que la Compañía de Jesús fuese una orden nueva supuso que carecía de una fórmula general para la evangelización; y que, sin embargo lo que en principio pudo parecer una carencia fue la gran virtud del trabajo misionero jesuita, pues permitió a la Compañía atender las especificidades culturales de los grupos donde fue creando las misiones. Desafortunadamente esa virtud jugó en contra del proyecto misional de la Compañía en Oriente, pues como pone de manifiesto el texto presente, su defensa de los ritos chinos y malabares y en general de la cosmovisión de los pueblos de la zona, provocó un fuerte rechazo en Roma y en otras órdenes misionales, al considerar tales ritos como superstición e idolatría. Las sucesivas órdenes del Vaticano para reprimir esas prácticas entre los nativos a evangelizar, provocó finalmente la expulsión de los jesuitas de Oriente. | ||
| 649 | |a XX | ||
| 650 | |a Jesuitas en China - |x Historia | ||
| 650 | |a Jesuitas en Japón - |x Historia | ||
| 650 | |a Jesuitas en India - |x Historia | ||
| 650 | |a Monasticismo y Ordenes Religiosas - |z China - |x Historia | ||
| 650 | |a Monasticismo y Ordenes Religiosas - |z Japón - |x Historia | ||
| 650 | |a Monasticismo y Ordenes Religiosas - |z India - |x Historia | ||
| 650 | |a Evangelización - |z China - |x Historia | ||
| 650 | |a Evangelización - |z Japón - |x Historia | ||
| 650 | |a Evangelización - |z India - |x Historia | ||
| 650 | |a Misiones - |z China - |x Historia | ||
| 650 | |a Misiones - |z Japón - |x Historia | ||
| 650 | |a Misiones - |z India - |x Historia | ||
| 650 | |a Discurso Religioso - |z China - |x Historia | ||
| 650 | |a Discurso Religioso - |z Japón - |x Historia | ||
| 650 | |a Discurso Religioso - |z India - |x Historia | ||
| 650 | |a Cosmovisión - |z China - |x Historia | ||
| 650 | |a Cosmovisión - |z Japón - |x Historia | ||
| 650 | |a Cosmovisión - |z India - |x Historia | ||
| 650 | |a Iglesia Católica en China - |x Historia | ||
| 650 | |a Iglesia Católica en Japón - |x Historia | ||
| 650 | |a Iglesia Católica en India - |x Historia | ||
| 650 | |a Cristianismo - |z China | ||
| 650 | |a Cristianismo - |z Japón | ||
| 650 | |a Cristianismo - |z India | ||
| 650 | |a Religión - |z China | ||
| 650 | |a Religión - |z Japón | ||
| 650 | |a Religión - |z India | ||
| 650 | |a China - |x Historia - |y Período Medieval, 907-1644 | ||
| 650 | |a China - |x Historia - |y Período Qing o Manchú, 1644-1912 | ||
| 650 | |a Japón - |x Historia - |y Período Feudal, 1185-1868 | ||
| 650 | |a India - |x Historia - |y Imperio Mogol, 1526-1707 | ||
| 650 | |a India - |x Historia - |y Expansionismo Europeo, 1707-1785 | ||
| 910 | |a Fondo General | ||
| 920 | |a Impresos - Libros | ||
| 930 | |a Colección General | ||
| 905 | |a 101 | ||
| 901 | |a 0500114197 |b IT1 |c ACC |u 20250521 | ||
| 902 | |a https://opac.biblio.iteso.mx/vufind/Record/000175999 | ||